Rebecca / (Record no. 233728)
[ view plain ]
| 000 -LEADER | |
|---|---|
| fixed length control field | 01297cam a2200397 a 4500 |
| 001 - CONTROL NUMBER | |
| control field | 16450169 |
| 003 - CONTROL NUMBER IDENTIFIER | |
| control field | Nust |
| 005 - DATE AND TIME OF LATEST TRANSACTION | |
| control field | 20190422061747.0 |
| 008 - FIXED-LENGTH DATA ELEMENTS--GENERAL INFORMATION | |
| fixed length control field | 100908s2005 cc 000 1 chird |
| 010 ## - LIBRARY OF CONGRESS CONTROL NUMBER | |
| LC control number | 2010493204 |
| 020 ## - INTERNATIONAL STANDARD BOOK NUMBER | |
| International Standard Book Number | 9781844080380 |
| 035 ## - SYSTEM CONTROL NUMBER | |
| System control number | (OCoLC)ocm76943934 |
| 038 ## - RECORD CONTENT LICENSOR | |
| Staff Name | Arshad |
| 040 ## - CATALOGING SOURCE | |
| Original cataloging agency | JRY |
| Transcribing agency | JRY |
| Modifying agency | OCLCQ |
| -- | DLC |
| 041 1# - LANGUAGE CODE | |
| Language code of text/sound track or separate title | chi |
| Language code of original | eng |
| 042 ## - AUTHENTICATION CODE | |
| Authentication code | lccopycat |
| 043 ## - GEOGRAPHIC AREA CODE | |
| Geographic area code | e-uk-en |
| 050 00 - LIBRARY OF CONGRESS CALL NUMBER | |
| Classification number | PR6007.U47 |
| Item number | R4125 2005 |
| 066 ## - CHARACTER SETS PRESENT | |
| Alternate G0 or G1 character set | $1 |
| 082 ## - DEWEY DECIMAL CLASSIFICATION NUMBER | |
| Classification number | 823.912 |
| Author Mark | MAU |
| 100 1# - MAIN ENTRY--PERSONAL NAME | |
| Personal name | Du Maurier, Daphne, |
| Dates associated with a name | 1907-1989. |
| 9 (RLIN) | 14127 |
| 245 10 - TITLE STATEMENT | |
| Title | Rebecca / |
| Statement of responsibility, etc. | Daphne, Du Maurier, |
| 250 ## - EDITION STATEMENT | |
| Linkage | 880-02 |
| Edition statement | Di 1 ban. |
| 260 ## - PUBLICATION, DISTRIBUTION, ETC. | |
| Linkage | 880-03 |
| Place of publication, distribution, etc. | Shanghai : |
| Name of publisher, distributor, etc. | Shanghai yi wen chu ban she, |
| Date of publication, distribution, etc. | 2005. |
| 300 ## - PHYSICAL DESCRIPTION | |
| Extent | 441 p. ; |
| Dimensions | 24 cm. |
| 650 #0 - SUBJECT ADDED ENTRY--TOPICAL TERM | |
| Topical term or geographic name entry element | Remarried people |
| Form subdivision | Fiction. |
| 9 (RLIN) | 14131 |
| 650 #0 - SUBJECT ADDED ENTRY--TOPICAL TERM | |
| Topical term or geographic name entry element | Man-woman relationships |
| Form subdivision | Fiction. |
| 9 (RLIN) | 6615 |
| 650 #0 - SUBJECT ADDED ENTRY--TOPICAL TERM | |
| Topical term or geographic name entry element | Married women |
| Geographic subdivision | England |
| Form subdivision | Cornwall (County) |
| -- | Fiction. |
| 9 (RLIN) | 14132 |
| 650 #0 - SUBJECT ADDED ENTRY--TOPICAL TERM | |
| Topical term or geographic name entry element | Country homes |
| Geographic subdivision | England |
| -- | Corwall (COunty) |
| Form subdivision | Fiction. |
| 9 (RLIN) | 14133 |
| 651 #0 - SUBJECT ADDED ENTRY--GEOGRAPHIC NAME | |
| Geographic name | Cornwall (England : County) |
| Form subdivision | Fiction. |
| 9 (RLIN) | 14134 |
| 700 1# - ADDED ENTRY--PERSONAL NAME | |
| Linkage | 880-04 |
| Personal name | Lin, Zhiling. |
| 9 (RLIN) | 14135 |
| 700 1# - ADDED ENTRY--PERSONAL NAME | |
| Linkage | 880-05 |
| Personal name | Cheng, De. |
| 9 (RLIN) | 14136 |
| 906 ## - LOCAL DATA ELEMENT F, LDF (RLIN) | |
| a | 7 |
| b | cbc |
| c | copycat |
| d | 3 |
| e | ncip |
| f | 20 |
| g | y-nonroman |
| 942 ## - ADDED ENTRY ELEMENTS (KOHA) | |
| Source of classification or shelving scheme | |
| Koha item type | Book |
| Withdrawn status | Lost status | Source of classification or shelving scheme | Damaged status | Not for loan | Collection code | Permanent Location | Current Location | Shelving location | Date acquired | Total Checkouts | Total Renewals | Full call number | Barcode | Date last seen | Date last checked out | Copy number | Price effective from | Koha item type |
|---|---|---|---|---|---|---|---|---|---|---|---|---|---|---|---|---|---|---|
| Central Library (CL) | Central Library (CL) | Fiction | 03/10/2017 | 5 | 8 | 823.912 MAU | CL294 | 02/18/2026 | 06/05/2024 | 1 | 03/10/2017 | Book |
